000 00561nam a2200193 a 4500
005 20240925065408.0
008 991125s1977 mx 000 0 spa u
035 _aUPN01000035073
049 _aCG
050 4 _aHM276
_bL58
245 0 0 _aLiberalismo y socialismo /
_cMihailo Markovic... [et al.] ; tr. Eduardo Peña Alfaro.
260 _aMéxico :
_bGrijalbo,
_c1977.
300 _a227 p.
440 0 _aTeoría y praxis ;
_v29
650 4 _aLiberalismo
_915125
650 4 _aSocialismo
_97360
700 1 _aMarkovic, Mihailo,
_d1923-
_ecoaut.
905 _aLibro
999 _c35073
_d35073